00932nam a2200193 a 450000500170000000800410001702000180005805000180007610000170009424501030011126000490021430000230026344000330028652002440031965000230056365000230058699900190060995201100062820140412111307.0010320s19uu xx 00 eng d a0-7214-0824-9 aERbRa13 1984 aNesbit, Edit aThe Railway children /cby Edith Nesbit ; retold by Joan Collins ; illustrated by Kathie Layfield. aLeicestershire, UK :bLadybird Books,c1984. a1 v. (unp.) ; ill. aLadybird Children's Classics aThe children loved their new life in the little house beside the railway. They made friends with the Station Master and the Porter, and gave special names to all the trains. Only one thing spoiled it. Why didn't Father come back to them? aChildren's Stories aFamily's - Fiction c103765d103765 00104050aELbELcERd2001-03-20eDonationl0oER Ra13 1984pE5844r2014-04-12 00:00:00w2014-04-12yBK